| 000 | 00689nam a2200181Ia 4500 | ||
|---|---|---|---|
| 008 | 090124s9999 xx 000 0 und d | ||
| 082 | _b73 | ||
| 100 | _aकूष्णगोविंद | ||
| 245 | _a पाणी काढण्याची यांत्रिक साधने | ||
| 250 | _a0 | ||
| 260 |
_bउदयम प्रकाशन _c1956 |
||
| 300 | _a63 | ||
| 600 | _aकूष्णगोविंद | ||
| 630 | _a पाणी काढण्याची यांत्रिक साधने | ||
| 700 | _aकूष्णगोविंद | ||
| 730 | _a पाणी काढण्याची यांत्रिक साधने | ||
| 942 | _cBOOK | ||
| 999 |
_c81528 _d81528 |
||